Central Library OPAC University of Rajshahi

Principles of criminology / (Record no. 22701)

MARC details
000 -LEADER
fixed length control field 01018nam a2200313 a 4500
001 - CONTROL NUMBER
control field 22701
003 - CONTROL NUMBER IDENTIFIER
rucl marc code BD-RjUL
005 - DATE AND TIME OF LATEST TRANSACTION
control field 20211209000835.0
008 - FIXED-LENGTH DATA ELEMENTS--GENERAL INFORMATION
fixed length control field 140309s1968 ii b 001 0 eng d
035 ## - SYSTEM CONTROL NUMBER
System control number (BD-RjUL)22766
040 ## - CATALOGING SOURCE
Original cataloging agency WASSH
Language of cataloging eng
Transcribing agency WASSH
Modifying agency XSC
-- BD-RjUL
041 ## - LANGUAGE CODE
Language code of text/sound track or separate title eng
082 04 - DEWEY DECIMAL CLASSIFICATION NUMBER
Classification number 364
Author mark and year SUP 1968
100 1# - MAIN ENTRY--PERSONAL NAME
Personal name Sutherland, Edwin H.
Fuller form of name (Edwin Hardin),
Dates associated with a name 1883-1950.
9 (RLIN) 15211
245 10 - TITLE STATEMENT
Title Principles of criminology /
Statement of responsibility, etc. by Edwin H. Sutherland and Donald R. Cressey.
250 ## - EDITION STATEMENT
Edition statement 6th ed.
260 ## - PUBLICATION, DISTRIBUTION, ETC. (IMPRINT)
Place of publication, distribution, etc. Bombay :
Name of publisher, distributor, etc. The Times of India Press,
Date of publication, distribution, etc. 1968.
300 ## - PHYSICAL DESCRIPTION
Pagination 646 p. ;
Size 24 cm.
500 ## - GENERAL NOTE
General note First published in 1924 under title: Criminology.
504 ## - BIBLIOGRAPHY, ETC. NOTE
Bibliography, etc Includes bibliography and index.
650 #0 - SUBJECT ADDED ENTRY--TOPICAL TERM
Topical term or geographic name as entry element Criminology.
9 (RLIN) 70033
Topical term or geographic name as entry element Criminal psychology.
9 (RLIN) 15011
Topical term or geographic name as entry element Punishment.
9 (RLIN) 70034
Topical term or geographic name as entry element Prisons.
9 (RLIN) 70035
Topical term or geographic name as entry element Prisons
Geographic subdivision United States.
9 (RLIN) 18614
700 1# - ADDED ENTRY--PERSONAL NAME
Personal name Cressey, Donald R.
Fuller form of name (Donald Ray),
Dates associated with a name 1919-
942 ## - ADDED ENTRY ELEMENTS (KOHA)
Source of classification or shelving scheme Dewey Decimal Classification
Koha item type Books
Holdings
Lost status Source of classification or shelving scheme Damaged status Not for loan Collection code Permanent Location Current Location Shelving location Date acquired Source of acquisition Total Checkouts Full call number Date last seen Date checked out Copy number Koha item type Cost, normal purchase price
  Dewey Decimal Classification     Non-fiction Central Library, University of Rajshahi Central Library, University of Rajshahi   02/03/1974 U. S. Govt., Gift. 1 364 SUP 1968 31/12/2015 19/12/2015 C-3 Books  
  Dewey Decimal Classification     Non-fiction Central Library, University of Rajshahi Central Library, University of Rajshahi   23/12/2015     364 SUP 1968 23/12/2015   C-8 Books  
  Dewey Decimal Classification     Non-fiction Central Library, University of Rajshahi Central Library, University of Rajshahi   23/12/2015     364 SUP 1968 23/12/2015   C-5 Books  
  Dewey Decimal Classification     Non-fiction Central Library, University of Rajshahi Central Library, University of Rajshahi   23/12/2015   1 364 SUP 1968 19/12/2024 11/12/2024 C-4 Books  
  Dewey Decimal Classification     Non-fiction Central Library, University of Rajshahi Central Library, University of Rajshahi   23/12/2015     364 SUP 1968 23/12/2015   C-10 Books  
  Dewey Decimal Classification     Non-fiction Central Library, University of Rajshahi Central Library, University of Rajshahi   02/03/1974 USA Govt, Gift.   364 SUP 1968 26/12/2015   C-6 Books  
  Dewey Decimal Classification     Non-fiction Central Library, University of Rajshahi Central Library, University of Rajshahi   02/03/1974 USA Govt, Gift. 3 364 SUP 1968 05/02/2026 22/01/2026 C-2 Books  
  Dewey Decimal Classification     Non-fiction Central Library, University of Rajshahi Central Library, University of Rajshahi   07/08/1973 Sadek book depot   364 SUP 1968 17/11/2016   C-7 Books 16.00